ALAI entrevista al Mir de Bolivia
Enregistré dans:
| Format: | Texte |
|---|---|
| Sujets: | |
| Tags: |
Ajouter un tag
Pas de tags, Soyez le premier à ajouter un tag!
|
MARC
| LEADER | 00000 a a2200000 04500 | ||
|---|---|---|---|
| 001 | 17994 | ||
| 003 | |||
| 040 | |||
| 245 | |a ALAI entrevista al Mir de Bolivia | ||
| 650 | |a IZQUIERDA | ||
| 650 | |a DEMOCRACIA | ||
| 650 | |a GOLPES DE ESTADO | ||
| 650 | |a POLITICA | ||
| 650 | |a BOLIVIA | ||
| 773 | |g volumen 4, número 43; (1980) páginas 499-501 | ||
| 999 | |c 20706 |d 20706 | ||
| 773 | 0 | |0 42391 |9 3854 |a Agencia Latinoamericana de Información, ALAI |d Quito, Ecuador: ALAI |o 04441 |t ALAI: |x 08275564 (Servicio mensual de información y documentación) | |
